000 01573nab a22002657a 4500
999 _c5693
_d5693
003 OSt
005 20251227005252.0
008 190603e xxum|||| |||| 00| 0 spa d
040 _cPJ
100 _aUzal, María Elsa
_9326
245 1 3 _aLos métodos para la determinación del derecho aplicable en el DIPr dentro del Código Civil y Comercial de la Nación /
_cMaría Elsa Uzal.
260 _cCiudad Autónoma de Buenos Aires :
_aThomson Reuters La Ley,
_b2025.
300 _ap. 312-329
500 _aCita: TR LALEY AR/DOC/1765/2025 Publicado en: RCCyC 2025 (agosto).
505 _aSumario: I. A modo de introducción: panorama metodológico del DIPr. frente al Cód. Civ. y Com.— II. Los métodos para el logro de la coherencia sistémica en el Cód. Civ. y Com.— III. El Capítulo 1 sobre "Disposiciones generales": gran articulador del método en las cuestiones del DIPr. en el Cód. Civ. y Com.— IV. La cláusula de excepción.— V. Los límites que son excepción al normal funcionamiento del sistema metodológico.
505 _t¿Te interesa el texto completo? Solicitalo al correo: koha@justierradelfuego.gov.ar
650 0 _91497
_aCODIGO CIVIL Y COMERCIAL
650 0 _9327
_aDERECHO INTERNACIONAL PRIVADO
650 0 _93474
_aAUTONOMÍA DE LA VOLUNTAD
650 0 _9720
_aJURISDICCION INTERNACIONAL
650 0 _aCOOPERACIÓN INTERNACIONAL
650 0 _9716
_aORDEN PUBLICO
773 0 _02713
_93170
_dCiudad Autónoma de Buenos Aires : Thomson Reuters La Ley, 2015-
_tRevista Código Civil y Comercial. Nº 4 - Agosto 2025
942 _2udc
_cANA